Poezii-Poemas

Uloženo v:
Podrobná bibliografie
Hlavní autor: Eminescu, Mihai
Médium: Kniha
Jazyk:Undetermined
Vydáno: Bucarest, Rumania Minerva 1980
Témata:
Tagy: Přidat tag
Žádné tagy, Buďte první, kdo vytvoří štítek k tomuto záznamu!

MARC

LEADER 00000nam a2200000Ia 4500
008 170316s9999 xx 000 0 und d
040 |a cru BVZT 
090 |a 859 E-1p 
100 |a Eminescu, Mihai 
245 |a Poezii-Poemas 
260 |a Bucarest, Rumania 
260 |b Minerva 
260 |c 1980 
300 |a 522 páginas 
650 |a LITERATURA RUMANA 
999 |c 8251  |d 8251 
942 |c 15 D  |h 859 E-1p  |2 z